Northern crusades

Titel: Northern crusades : between holy war and mission / Darius von Güttner-Sporzyński
Verfasser:
In: ˜Theœ crusader world, (2016), Seite 144-162
alle Artikel anzeigen
Veröffentlicht: 2016
Format: Aufsatz
Sprache: Englisch
Schlagworte:
Kein Bild verfügbar
X
alg: 43460564
001A    $03025:03-08-18 
001B    $01999:03-08-18 $t12:32:11.000 
001C    $03025:03-08-18 $t11:49:42.000 
001D    $03025:03-08-18 
001U    $0utf8 
001X    $00 
002@    $0Aou 
002C    $aText $btxt $2rdacontent 
002D    $aohne Hilfsmittel zu benutzen $bn $2rdamedia 
002E    $aBand $bnc $2rdacarrier 
003@    $0434605646 
007A    $0434605646 $aHEB 
010@    $aeng 
010E    $erda 
011@    $a2016 
021A    $aNorthern crusades $dbetween holy war and mission $hDarius von Güttner-Sporzyński 
028A    $BVerfasser $#Sporzyński, Darius von Güttner- $#Von Güttner Sporzyński, Darius $#VonGüttner Sporzyński, Darius $#Güttner Sporzyński, Darius von $#Güttner, Darius von $4aut $71063923956 $8Güttner-Sporzyński, Darius$cvon [Tp3] $9351857680 
031A    $h144-162 $j2016 
039B    $aEnthalten in $8--Aau--. The @crusader world. - First published. - London : Routledge, Taylor & Francis Group, 2016. - XXII, 726 Seiten. - Illustrationen, Diagramme, Karten. - ISBN 978-0-415-82494-1 $x201600000000000856 $9363269878 
044K    $RMitteleuropa $RVisegrád-Staaten $ROsteuropa $#Ostmitteleuropa $#Ostmitteleuropa $#Mitteleuropa, Ost $#Central Europe Ostmitteleuropa $#Mittelosteuropa $74075753-5 $8Ostmitteleuropa [Tg1] $9085214485 
044K    $RHeiliger Krieg $#Crusades $#Croisades $#Crociate $#Cruzadas $#Kreuzzug $#Kreuzzug $74073802-4 $8Kreuzzüge [Ts1] $9085207802 

lok: 43460564 78

exp: 43460564 78 1 #EPN
201B/01 $003-08-18 $t11:49:25.000 
201C/01 $003-08-18 
201U/01 $0utf8 
203@/01 $01025573919 
208@/01 $a03-08-18 $be 
209A/01 $a/ $f000 $x00 
209A/01 $ab*p $x01 
220C/01 $apgar 
244Z/01 $#Ostmitteleuropa $#Ostmitteleuropa $#Mitteleuropa, Ost $#Central Europe Ostmitteleuropa $#Mittelosteuropa $74075753-5 $8--Tg1--Ostmitteleuropa $x01 $9085214485 
247C/01 $82080>Marburg/Lahn, Herder-Institut, Forschungsbibliothek, Bibliographieportal $9336309341
LEADER 00000caa a2200000 c 4500
001 434605646
003 DE-603
005 20180803123211.0
007 tu
008 180803s2016 xx |||| | u00||u|eng c
035 |a (DE-599)HEB434605646 
040 |a DE-603  |b ger  |c DE-603  |d DE-603  |e rda 
041 |a eng 
100 1 |a Güttner-Sporzyński, Darius von  |e Verfasser  |4 aut  |0 (DE-603)351857680  |0 (DE-588)1063923956  |2 gnd 
245 0 0 |a Northern crusades  |b between holy war and mission  |c Darius von Güttner-Sporzyński 
264 0 |c 2016 
336 |a Text  |b txt  |2 rdacontent 
337 |a ohne Hilfsmittel zu benutzen  |b n  |2 rdamedia 
338 |a Band  |b nc  |2 rdacarrier 
650 7 |a Kreuzzüge  |0 (DE-588)4073802-4  |0 (DE-603)085207802  |2 gnd 
651 7 |a Ostmitteleuropa  |0 (DE-588)4075753-5  |0 (DE-603)085214485  |2 gnd 
773 0 8 |i Enthalten in  |t ˜Theœ crusader world  |b First published  |d London : Routledge, Taylor & Francis Group, 2016  |h XXII, 726 Seiten, Illustrationen, Diagramme, Karten  |z 041582494X  |z 9780415824941  |g (2016), Seite 144-162  |w (DE-603)363269878 
924 0 |9 2080  |a (DE-603)1025573919  |b DE-2080  |c HES  |d d  |g /